[Event "Greek Team Championship"]
[Site "chess24.com"]
[Date "2017.07.06"]
[Round "5"]
[White "Georgiev, Kiril"]
[Black "Banikas, Hristos"]
[Result "1/2-1/2"]
[Board "1"]
[WhiteElo "2640"]
[WhiteTitle "GM"]
[WhiteCountry "BUL"]
[WhiteFideId "2900017"]
[WhiteEloChange "-1"]
[BlackElo "2567"]
[BlackTitle "GM"]
[BlackCountry "GRE"]
[BlackFideId "4202031"]
[BlackEloChange "1"]

1. d4 {[%clk 1:30:25]} Nf6 {[%clk 1:30:47]} 2. Nf3 {[%clk 1:30:43]} e6 {[%clk
1:31:12]} 3. c4 {[%clk 1:30:35]} b6 {[%clk 1:31:33]} 4. g3 {[%clk 1:30:29]} Ba6
{[%clk 1:31:57]} 5. b3 {[%clk 1:29:00]} Bb4+ {[%clk 1:32:19]} 6. Bd2 {[%clk
1:29:24]} Be7 {[%clk 1:32:46]} 7. Nc3 {[%clk 1:29:22]} d5 {[%clk 1:33:07]} 8.
cxd5 {[%clk 1:29:34]} exd5 {[%clk 1:33:31]} 9. Bg2 {[%clk 1:29:52]} O-O {[%clk
1:33:53]} 10. O-O {[%clk 1:29:36]} Bb7 {[%clk 1:34:17]} 11. Ne5 {[%clk 1:25:55]}
Re8 {[%clk 1:33:09]} 12. Bf4 {[%clk 1:25:36]} Na6 {[%clk 1:32:20]} 13. Qc2 {[%clk
1:21:30]} h6 {[%clk 1:27:57]} 14. Rfd1 {[%clk 1:19:46]} Bf8 {[%clk 1:27:02]} 15.
a3 {[%clk 1:18:20]} c5 {[%clk 1:14:31]} 16. dxc5 {[%clk 1:14:24]} Nxc5 {[%clk
1:11:27]} 17. b4 {[%clk 1:13:43]} Ne6 {[%clk 1:07:43]} 18. Qb3 {[%clk 1:11:57]}
a5 {[%clk 0:51:43]} 19. Rab1 {[%clk 1:07:26]} axb4 {[%clk 0:51:39]} 20. axb4
{[%clk 1:07:27]} Nxf4 {[%clk 0:33:42]} 21. gxf4 {[%clk 1:07:32]} Bd6 {[%clk
0:33:55]} 22. Nxf7 {[%clk 1:00:02]} Kxf7 {[%clk 0:34:10]} 23. Nxd5 {[%clk
1:00:25]} Bxd5 {[%clk 0:31:22]} 24. Bxd5+ {[%clk 1:00:08]} Ke7 {[%clk 0:31:49]}
25. Bxa8 {[%clk 0:52:40]} Qxa8 {[%clk 0:31:50]} 26. Rd4 {[%clk 0:52:43]} Qc6
{[%clk 0:26:48]} 27. Rbd1 {[%clk 0:51:50]} Bb8 {[%clk 0:25:56]} 28. Qd3 {[%clk
0:49:44]} Kf7 {[%clk 0:25:34]} 29. e3 {[%clk 0:48:56]} g5 {[%clk 0:17:48]} 30.
fxg5 {[%clk 0:45:19]} hxg5 {[%clk 0:18:14]} 31. Qf5 {[%clk 0:43:47]} Qe6 {[%clk
0:18:08]} 32. Rd7+ {[%clk 0:43:19]} Re7 {[%clk 0:18:37]} 33. Rxe7+ {[%clk
0:39:23]} Qxe7 {[%clk 0:17:58]} 34. b5 {[%clk 0:32:09]} g4 {[%clk 0:17:06]} 35.
Rc1 {[%clk 0:26:12]} Qd6 {[%clk 0:13:27]} 36. Rc6 {[%clk 0:23:04]} Qxh2+ {[%clk
0:13:52]} 37. Kf1 {[%clk 0:23:21]} Bd6 {[%clk 0:07:18]} 38. Ke2 {[%clk 0:21:57]}
Qe5 {[%clk 0:07:46]} 39. Qxe5 {[%clk 0:21:57]} Bxe5 {[%clk 0:08:14]} 40. Rxb6
{[%clk 0:52:16]} Ke7 {[%clk 0:38:41]} 41. Rc6 {[%clk 0:51:54]} Nd5 {[%clk
0:36:38]} 42. b6 {[%clk 0:47:49]} Kd7 {[%clk 0:34:20]} 43. Rg6 {[%clk 0:47:48]}
Nf6 {[%clk 0:32:25]} 44. Rg7+ {[%clk 0:47:23]} Kc6 {[%clk 0:29:58]} 45. b7 {[%clk
0:47:05]} Nd7 {[%clk 0:30:05]} 46. Rxg4 {[%clk 0:46:41]} Kxb7 {[%clk 0:30:27]}
47. Rc4 {[%clk 0:46:29]} Bd6 {[%clk 0:29:17]} 48. f4 {[%clk 0:44:44]} Nc5 {[%clk
0:29:44]} 49. Kf3 {[%clk 0:44:16]} Kc6 {[%clk 0:30:12]} 50. e4 {[%clk 0:44:22]}
Bc7 {[%clk 0:24:58]} 51. Kg4 {[%clk 0:43:42]} Kd6 {[%clk 0:25:26]} 52. Kf5 {[%clk
0:43:57]} Ne6 {[%clk 0:25:55]} 53. e5+ {[%clk 0:43:56]} Kd5 {[%clk 0:26:00]} 54.
Rc1 {[%clk 0:36:53]} Nd4+ {[%clk 0:25:23]} 55. Kf6 {[%clk 0:36:49]} Bd8+ {[%clk
0:25:32]} 56. Kf7 {[%clk 0:31:06]} Ke4 {[%clk 0:24:13]} 57. Rc4 {[%clk 0:30:05]}
Bh4 {[%clk 0:24:11]} 58. Ra4 {[%clk 0:29:09]} Kd5 {[%clk 0:23:28]} 59. Kg6 {[%clk
0:25:38]} Bg3 {[%clk 0:22:35]} 60. Kg5 {[%clk 0:25:14]} Ne6+ {[%clk 0:21:10]} 61.
Kf5 {[%clk 0:24:57]} Nxf4 {[%clk 0:21:35]} 62. Ra5+ {[%clk 0:24:54]} Kc6 {[%clk
0:21:56]} 63. Kg4 {[%clk 0:24:51]} Bh2 {[%clk 0:20:01]} 64. Ra2 {[%clk 0:24:55]}
Nd3 {[%clk 0:20:12]} 65. Rxh2 {[%clk 0:25:06]} Nxe5+ {[%clk 0:20:40]} 66. Kf5
{[%clk 0:25:28]} Nd7 {[%clk 0:20:52]} 67. Ke4 {[%clk 0:25:50]} Nc5+ {[%clk
0:21:06]} 68. Kd4 {[%clk 0:26:10]} Ne6+ {[%clk 0:21:23]} 69. Ke5 {[%clk 0:26:29]}
Nc7 {[%clk 0:21:51]} 70. Rc2+ {[%clk 0:26:51]} Kb6 {[%clk 0:21:40]} 71. Rc1
{[%clk 0:27:04]} Nb5 {[%clk 0:22:04]} 72. Kd5 {[%clk 0:27:08]} Nc7+ {[%clk
0:22:30]} 73. Kc4 {[%clk 0:27:26]} Kc6 {[%clk 0:22:58]} 1/2-1/2

[Event "Greek Team Championship"]
[Site "chess24.com"]
[Date "2017.07.06"]
[Round "5"]
[White "Stankovic, Milos"]
[Black "Managadze, Nikoloz"]
[Result "1/2-1/2"]
[Board "2"]
[WhiteElo "2395"]
[WhiteTitle "IM"]
[WhiteCountry "SRB"]
[WhiteFideId "938190"]
[WhiteEloChange "2"]
[BlackElo "2454"]
[BlackTitle "IM"]
[BlackCountry "GEO"]
[BlackFideId "13600575"]
[BlackEloChange "-1"]

1. e4 {[%clk 1:30:46]} c5 {[%clk 1:30:52]} 2. Nf3 {[%clk 1:30:51]} Nc6 {[%clk
1:31:15]} 3. Bb5 {[%clk 1:30:04]} e6 {[%clk 1:31:41]} 4. O-O {[%clk 1:29:29]}
Nge7 {[%clk 1:32:02]} 5. Re1 {[%clk 1:28:11]} a6 {[%clk 1:32:22]} 6. Bxc6 {[%clk
1:27:06]} Nxc6 {[%clk 1:32:19]} 7. d4 {[%clk 1:27:19]} cxd4 {[%clk 1:31:08]} 8.
Nxd4 {[%clk 1:27:17]} Qc7 {[%clk 1:30:05]} 9. Nxc6 {[%clk 1:26:09]} bxc6 {[%clk
1:26:59]} 10. e5 {[%clk 1:23:35]} d5 {[%clk 1:25:43]} 11. exd6 {[%clk 1:18:43]}
Bxd6 {[%clk 1:24:55]} 12. Qh5 {[%clk 1:16:15]} O-O {[%clk 1:21:48]} 13. Nd2
{[%clk 1:12:57]} Rb8 {[%clk 1:15:48]} 14. Nc4 {[%clk 1:11:24]} Rb5 {[%clk
1:08:40]} 15. Qh3 {[%clk 1:11:26]} Be7 {[%clk 1:03:58]} 16. a4 {[%clk 1:02:42]}
Rd5 {[%clk 1:03:02]} 17. Bd2 {[%clk 0:55:36]} e5 {[%clk 0:50:48]} 18. Qg3 {[%clk
0:49:05]} f6 {[%clk 0:50:43]} 19. Bc3 {[%clk 0:44:06]} Be6 {[%clk 0:49:56]} 20.
Ne3 {[%clk 0:43:21]} Rd7 {[%clk 0:47:53]} 21. Rad1 {[%clk 0:42:59]} Rfd8 {[%clk
0:45:02]} 22. Qf3 {[%clk 0:41:55]} Rxd1 {[%clk 0:44:46]} 23. Rxd1 {[%clk
0:42:05]} Rxd1+ {[%clk 0:42:07]} 24. Qxd1 {[%clk 0:42:05]} g6 {[%clk 0:42:04]}
25. Qd3 {[%clk 0:36:01]} Qc8 {[%clk 0:40:15]} 26. Ba5 {[%clk 0:28:18]} Kf7 {[%clk
0:38:18]} 27. Bb6 {[%clk 0:27:38]} h5 {[%clk 0:31:53]} 28. b3 {[%clk 0:26:26]}
Qb7 {[%clk 0:29:49]} 29. a5 {[%clk 0:25:05]} Qc8 {[%clk 0:29:25]} 30. h3 {[%clk
0:24:54]} Kg7 {[%clk 0:28:56]} 31. Qe2 {[%clk 0:23:55]} h4 {[%clk 0:25:28]} 32.
Qd3 {[%clk 0:23:49]} g5 {[%clk 0:21:56]} 33. f3 {[%clk 0:22:19]} Bd7 {[%clk
0:11:11]} 34. Nc4 {[%clk 0:20:51]} Bf5 {[%clk 0:11:26]} 35. Nd6 {[%clk 0:20:41]}
Bxd6 {[%clk 0:06:57]} 36. Qxd6 {[%clk 0:21:04]} Qd7 {[%clk 0:07:20]} 37. Qxd7+
{[%clk 0:19:00]} Bxd7 {[%clk 0:07:37]} 38. Kf2 {[%clk 0:19:03]} Bf5 {[%clk
0:07:49]} 39. c3 {[%clk 0:19:13]} Bc2 {[%clk 0:08:15]} 40. b4 {[%clk 0:49:38]}
Bd3 {[%clk 0:38:41]} 41. Ke3 {[%clk 0:48:12]} Bc4 {[%clk 0:37:28]} 42. Bd8 {[%clk
0:47:46]} Kg6 {[%clk 0:35:43]} 43. Bc7 {[%clk 0:48:05]} Kf5 {[%clk 0:35:46]} 44.
Bd8 {[%clk 0:48:17]} Bd5 {[%clk 0:36:10]} 45. Kf2 {[%clk 0:47:41]} Kg6 {[%clk
0:34:38]} 46. Bc7 {[%clk 0:47:41]} Kf5 {[%clk 0:31:06]} 47. Bd8 {[%clk 0:48:02]}
e4 {[%clk 0:30:35]} 48. c4 {[%clk 0:47:32]} 1/2-1/2

[Event "Greek Team Championship"]
[Site "chess24.com"]
[Date "2017.07.06"]
[Round "5"]
[White "Papadopoulos, Georgios"]
[Black "Komninos, Nikolaos"]
[Result "0-1"]
[Board "3"]
[WhiteElo "2240"]
[WhiteCountry "GRE"]
[WhiteFideId "4210271"]
[WhiteEloChange "-11"]
[BlackElo "2188"]
[BlackCountry "GRE"]
[BlackFideId "4205022"]
[BlackEloChange "11"]

1. d4 {[%clk 1:30:11]} c5 {[%clk 1:30:48]} 2. c3 {[%clk 1:25:53]} cxd4 {[%clk
1:31:11]} 3. cxd4 {[%clk 1:26:19]} d5 {[%clk 1:31:33]} 4. Nc3 {[%clk 1:26:45]}
Nc6 {[%clk 1:31:43]} 5. Bf4 {[%clk 1:27:07]} e5 {[%clk 1:31:12]} 6. Bxe5 {[%clk
1:25:16]} Nxe5 {[%clk 1:31:36]} 7. dxe5 {[%clk 1:25:43]} d4 {[%clk 1:32:00]} 8.
Qa4+ {[%clk 1:24:45]} b5 {[%clk 1:32:15]} 9. Nxb5 {[%clk 1:20:20]} Bd7 {[%clk
1:32:40]} 10. Qa6 {[%clk 1:14:10]} Bb4+ {[%clk 0:57:41]} 11. Kd1 {[%clk 1:14:27]}
Rb8 {[%clk 0:58:10]} 12. Nd6+ {[%clk 1:06:36]} Bxd6 {[%clk 0:58:34]} 13. exd6
{[%clk 1:04:51]} Rxb2 {[%clk 0:56:20]} 14. Qxa7 {[%clk 1:04:02]} Nf6 {[%clk
0:34:54]} 15. Nf3 {[%clk 0:54:03]} O-O {[%clk 0:33:48]} 16. Nd2 {[%clk 0:31:35]}
Qc8 {[%clk 0:28:22]} 17. Qxd4 {[%clk 0:30:34]} Qc2+ {[%clk 0:27:46]} 18. Ke1
{[%clk 0:31:04]} Rxa2 {[%clk 0:16:41]} 19. f3 {[%clk 0:18:38]} Rxa1+ {[%clk
0:15:28]} 20. Qxa1 {[%clk 0:19:02]} Nd5 {[%clk 0:15:33]} 21. Qd4 {[%clk 0:18:26]}
Nc3 {[%clk 0:13:36]} 22. Kf2 {[%clk 0:15:40]} Re8 {[%clk 0:13:31]} 23. g4 {[%clk
0:12:04]} Nb5 {[%clk 0:11:14]} 24. Qb4 {[%clk 0:07:56]} Nc3 {[%clk 0:10:59]} 25.
Qf4 {[%clk 0:06:38]} Re6 {[%clk 0:08:11]} 26. Qd4 {[%clk 0:04:47]} h6 {[%clk
0:06:11]} 27. Qd3 {[%clk 0:03:49]} Nd1+ {[%clk 0:04:51]} 28. Kg3 {[%clk 0:03:38]}
Qc5 {[%clk 0:02:58]} 29. Ne4 {[%clk 0:02:44]} Rxe4 {[%clk 0:03:26]} 30. Qxe4
{[%clk 0:02:25]} Qf2+ {[%clk 0:03:31]} 31. Kf4 {[%clk 0:02:02]} g5+ {[%clk
0:02:18]} 32. Ke5 {[%clk 0:02:29]} Qc5+ {[%clk 0:02:39]} 33. Qd5 {[%clk 0:02:35]}
Qc3+ {[%clk 0:01:11]} 34. Qd4 {[%clk 0:02:56]} f6+ {[%clk 0:01:29]} 35. Ke4
{[%clk 0:03:02]} Bc6+ {[%clk 0:01:55]} 0-1

[Event "Greek Team Championship"]
[Site "chess24.com"]
[Date "2017.07.06"]
[Round "5"]
[White "Petrakis, Ilias"]
[Black "Papageorgiou, Vasilios"]
[Result "1-0"]
[Board "4"]
[WhiteElo "2165"]
[WhiteCountry "GRE"]
[WhiteFideId "4208323"]
[WhiteEloChange "9"]
[BlackElo "2121"]
[BlackCountry "GRE"]
[BlackFideId "4205839"]
[BlackEloChange "-9"]

1. e4 {[%clk 1:30:54]} g6 {[%clk 1:30:52]} 2. d4 {[%clk 1:31:16]} Bg7 {[%clk
1:31:18]} 3. Nc3 {[%clk 1:31:34]} d6 {[%clk 1:31:40]} 4. f4 {[%clk 1:31:49]} Nf6
{[%clk 1:30:46]} 5. e5 {[%clk 1:32:11]} dxe5 {[%clk 1:30:54]} 6. dxe5 {[%clk
1:32:35]} Qxd1+ {[%clk 1:31:17]} 7. Kxd1 {[%clk 1:33:01]} Ng4 {[%clk 1:27:44]} 8.
Ke1 {[%clk 1:33:26]} Nc6 {[%clk 1:00:37]} 9. Nd5 {[%clk 1:27:24]} O-O {[%clk
0:59:53]} 10. c3 {[%clk 1:14:18]} Bd7 {[%clk 0:52:24]} 11. Nf3 {[%clk 1:06:31]}
a6 {[%clk 0:39:22]} 12. h3 {[%clk 0:59:07]} Nh6 {[%clk 0:39:15]} 13. g4 {[%clk
0:58:40]} Kh8 {[%clk 0:38:23]} 14. Be3 {[%clk 0:55:12]} Rac8 {[%clk 0:36:04]} 15.
Rd1 {[%clk 0:52:46]} Be6 {[%clk 0:20:14]} 16. Rh2 {[%clk 0:48:34]} f6 {[%clk
0:16:44]} 17. exf6 {[%clk 0:47:00]} exf6 {[%clk 0:16:53]} 18. Rhd2 {[%clk
0:42:31]} Rfe8 {[%clk 0:17:06]} 19. Kf2 {[%clk 0:42:17]} Bxg4 {[%clk 0:13:46]}
20. hxg4 {[%clk 0:42:41]} Nxg4+ {[%clk 0:14:14]} 21. Ke2 {[%clk 0:43:00]} Bh6
{[%clk 0:13:44]} 22. Rd3 {[%clk 0:40:24]} Ne7 {[%clk 0:08:31]} 23. Nxe7 {[%clk
0:28:31]} Rxe7 {[%clk 0:08:59]} 24. Bh3 {[%clk 0:28:54]} Nxe3 {[%clk 0:09:15]}
25. Rxe3 {[%clk 0:29:20]} Rxe3+ {[%clk 0:09:28]} 26. Kxe3 {[%clk 0:29:46]} Re8+
{[%clk 0:09:53]} 27. Kf2 {[%clk 0:30:03]} Bxf4 {[%clk 0:09:57]} 28. Rd7 {[%clk
0:30:14]} Be3+ {[%clk 0:06:59]} 29. Kf1 {[%clk 0:28:47]} Bf4 {[%clk 0:06:30]} 30.
Nd4 {[%clk 0:28:10]} f5 {[%clk 0:06:16]} 31. Bg2 {[%clk 0:28:12]} b6 {[%clk
0:06:06]} 32. Bd5 {[%clk 0:28:18]} Bd6 {[%clk 0:00:42]} 33. Ne6 {[%clk 0:28:36]}
Rc8 {[%clk 0:01:03]} 34. Ng5 {[%clk 0:28:58]} 1-0

[Event "Greek Team Championship"]
[Site "chess24.com"]
[Date "2017.07.06"]
[Round "5"]
[White "Stefanidi, Maria-Anna"]
[Black "Szczepkowska, Karina"]
[Result "0-1"]
[Board "5"]
[WhiteElo "2001"]
[WhiteTitle "WFM"]
[WhiteCountry "GRE"]
[WhiteFideId "4207750"]
[WhiteEloChange "-2"]
[BlackElo "2414"]
[BlackTitle "IM"]
[BlackCountry "POL"]
[BlackFideId "1122681"]
[BlackEloChange "1"]

1. e4 {[%clk 1:30:57]} g6 {[%clk 1:30:56]} 2. g3 {[%clk 1:31:01]} Bg7 {[%clk
1:31:14]} 3. Bg2 {[%clk 1:31:26]} d6 {[%clk 1:30:53]} 4. Ne2 {[%clk 1:31:41]} Nd7
{[%clk 1:25:37]} 5. d4 {[%clk 1:28:03]} e5 {[%clk 1:24:49]} 6. c3 {[%clk
1:26:01]} Ngf6 {[%clk 1:23:42]} 7. O-O {[%clk 1:25:59]} O-O {[%clk 1:23:40]} 8.
h3 {[%clk 1:19:23]} Re8 {[%clk 1:16:04]} 9. Qc2 {[%clk 1:18:55]} a5 {[%clk
1:14:57]} 10. Be3 {[%clk 1:17:37]} b6 {[%clk 1:11:02]} 11. d5 {[%clk 1:13:43]}
Ba6 {[%clk 1:09:45]} 12. c4 {[%clk 1:13:31]} Nc5 {[%clk 1:04:49]} 13. a3 {[%clk
1:12:23]} Qd7 {[%clk 1:04:13]} 14. b4 {[%clk 1:05:29]} Qa4 {[%clk 1:01:26]} 15.
Qb2 {[%clk 0:25:37]} Qb3 {[%clk 0:57:29]} 16. Qc1 {[%clk 0:25:37]} Nd3 {[%clk
0:48:34]} 17. Qd2 {[%clk 0:17:52]} axb4 {[%clk 0:39:28]} 18. Nc1 {[%clk 0:16:12]}
Nxc1 {[%clk 0:37:31]} 19. Qxc1 {[%clk 0:16:12]} Qxc4 {[%clk 0:37:31]} 20. Nd2
{[%clk 0:15:27]} Qc3 {[%clk 0:28:55]} 21. Rd1 {[%clk 0:15:38]} Be2 {[%clk
0:24:10]} 22. Re1 {[%clk 0:15:38]} Bd3 {[%clk 0:24:35]} 23. axb4 {[%clk 0:15:27]}
Qxb4 {[%clk 0:24:35]} 24. Qxc7 {[%clk 0:14:58]} Rxa1 {[%clk 0:20:48]} 25. Rxa1
{[%clk 0:12:57]} b5 {[%clk 0:20:03]} 26. Ra7 {[%clk 0:12:06]} Rf8 {[%clk
0:19:08]} 27. f3 {[%clk 0:12:06]} Nh5 {[%clk 0:19:25]} 28. Kh2 {[%clk 0:11:25]}
Bf6 {[%clk 0:16:11]} 29. Ra6 {[%clk 0:11:25]} Bd8 {[%clk 0:16:28]} 30. Qxd6
{[%clk 0:09:59]} Qxd6 {[%clk 0:16:28]} 31. Rxd6 {[%clk 0:09:52]} f5 {[%clk
0:14:48]} 32. Re6 {[%clk 0:07:15]} Ba5 {[%clk 0:14:51]} 33. Nb3 {[%clk 0:07:15]}
Be1 {[%clk 0:14:51]} 34. g4 {[%clk 0:06:00]} Bg3+ {[%clk 0:14:19]} 35. Kg1 {[%clk
0:06:24]} fxg4 {[%clk 0:12:54]} 36. hxg4 {[%clk 0:06:23]} Nf4 {[%clk 0:13:20]}
37. Bxf4 {[%clk 0:06:17]} Bxf4 {[%clk 0:13:38]} 38. Nc5 {[%clk 0:06:32]} Be3+
{[%clk 0:14:02]} 0-1

[Event "Greek Team Championship"]
[Site "chess24.com"]
[Date "2017.07.06"]
[Round "5"]
[White "Kyriazi, Smaragda"]
[Black "Salahidou, Reveka"]
[Result "0-1"]
[Board "6"]
[WhiteElo "1304"]
[WhiteCountry "GRE"]
[WhiteFideId "4290364"]
[WhiteEloChange "-2"]
[BlackElo "1951"]
[BlackCountry "GRE"]
[BlackFideId "4230612"]
[BlackEloChange "2"]

1. d4 {[%clk 1:30:58]} Nf6 {[%clk 1:30:39]} 2. Bf4 {[%clk 1:31:23]} g6 {[%clk
1:30:36]} 3. Nc3 {[%clk 1:31:41]} Bg7 {[%clk 1:29:58]} 4. e4 {[%clk 1:32:02]} d6
{[%clk 1:30:23]} 5. h4 {[%clk 1:32:09]} c6 {[%clk 1:25:37]} 6. Qd2 {[%clk
1:28:45]} Qa5 {[%clk 1:17:14]} 7. f3 {[%clk 1:20:18]} h5 {[%clk 0:43:34]} 8.
O-O-O {[%clk 1:09:53]} b5 {[%clk 0:40:38]} 9. Kb1 {[%clk 1:01:34]} b4 {[%clk
0:30:52]} 10. Nce2 {[%clk 1:01:46]} Qb6 {[%clk 0:28:49]} 11. Nh3 {[%clk 0:52:10]}
a5 {[%clk 0:24:43]} 12. Be3 {[%clk 0:46:52]} a4 {[%clk 0:21:38]} 13. e5 {[%clk
0:38:25]} Nd5 {[%clk 0:21:59]} 14. exd6 {[%clk 0:36:51]} b3 {[%clk 0:15:19]} 15.
c4 {[%clk 0:32:36]} Bf5+ {[%clk 0:15:30]} 16. Ka1 {[%clk 0:32:22]} a3 {[%clk
0:14:44]} 17. cxd5 {[%clk 0:28:34]} axb2+ {[%clk 0:14:56]} 18. Qxb2 {[%clk
0:28:50]} Rxa2+ {[%clk 0:15:17]} 19. Qxa2 {[%clk 0:29:13]} bxa2 {[%clk 0:15:43]}
20. Nc3 {[%clk 0:27:39]} Qb3 {[%clk 0:14:07]} 21. Rc1 {[%clk 0:26:28]} c5 {[%clk
0:14:23]} 22. Bb5+ {[%clk 0:25:42]} Nd7 {[%clk 0:13:47]} 23. Rhd1 {[%clk
0:22:09]} exd6 {[%clk 0:07:57]} 24. Rd2 {[%clk 0:17:13]} O-O {[%clk 0:07:39]} 25.
Rb2 {[%clk 0:14:30]} Qa3 {[%clk 0:07:39]} 26. Rxa2 {[%clk 0:14:30]} Qb4 {[%clk
0:07:39]} 27. Rb2 {[%clk 0:14:30]} Ra8+ {[%clk 0:07:39]} 28. Ba4 {[%clk 0:14:30]}
Qc4 {[%clk 0:07:39]} 29. Ra2 {[%clk 0:14:30]} cxd4 {[%clk 0:07:39]} 30. Nb5
{[%clk 0:14:30]} dxe3+ {[%clk 0:03:43]} 31. Nc3 {[%clk 0:08:33]} Bxc3+ {[%clk
0:04:05]} 0-1

[Event "Greek Team Championship"]
[Site "chess24.com"]
[Date "2017.07.06"]
[Round "5"]
[White "Kiousi, Panagiota"]
[Black "Koutsidi, Amalia"]
[Result "0-1"]
[Board "7"]
[WhiteElo "1530"]
[WhiteCountry "GRE"]
[WhiteFideId "25803476"]
[WhiteEloChange "-4"]
[BlackElo "1772"]
[BlackCountry "GRE"]
[BlackFideId "4244710"]
[BlackEloChange "4"]

1. d4 {[%clk 1:30:55]} Nf6 {[%clk 1:30:51]} 2. c4 {[%clk 1:31:17]} e6 {[%clk
1:31:17]} 3. Nc3 {[%clk 1:31:40]} Bb4 {[%clk 1:31:36]} 4. e3 {[%clk 1:31:53]} O-O
{[%clk 1:31:55]} 5. Ne2 {[%clk 1:32:05]} c6 {[%clk 1:32:11]} 6. a3 {[%clk
1:32:16]} Ba5 {[%clk 1:32:20]} 7. b4 {[%clk 1:31:43]} Bc7 {[%clk 1:32:39]} 8. Ng3
{[%clk 1:31:35]} d5 {[%clk 1:32:31]} 9. cxd5 {[%clk 1:30:19]} exd5 {[%clk
1:32:33]} 10. Bd3 {[%clk 1:29:59]} Re8 {[%clk 1:29:06]} 11. O-O {[%clk 1:29:03]}
Nbd7 {[%clk 1:26:32]} 12. Qc2 {[%clk 1:24:17]} Nf8 {[%clk 1:23:44]} 13. b5 {[%clk
1:19:22]} h5 {[%clk 1:16:16]} 14. bxc6 {[%clk 1:18:04]} bxc6 {[%clk 1:16:25]} 15.
Na4 {[%clk 1:08:30]} h4 {[%clk 1:06:35]} 16. Ne2 {[%clk 1:01:19]} Qd6 {[%clk
1:05:00]} 17. g3 {[%clk 0:53:26]} hxg3 {[%clk 1:01:55]} 18. hxg3 {[%clk 0:53:35]}
Ne4 {[%clk 0:56:40]} 19. Bxe4 {[%clk 0:47:31]} dxe4 {[%clk 0:45:08]} 20. Nc5
{[%clk 0:46:04]} Qg6 {[%clk 0:37:48]} 21. Nc3 {[%clk 0:39:38]} Bg4 {[%clk
0:36:01]} 22. f4 {[%clk 0:22:41]} Bh3 {[%clk 0:33:34]} 23. Rf2 {[%clk 0:18:17]}
Qxg3+ {[%clk 0:32:45]} 24. Kh1 {[%clk 0:18:34]} Bg4 {[%clk 0:30:50]} 25. N3xe4
{[%clk 0:16:23]} Bf3+ {[%clk 0:29:52]} 26. Rxf3 {[%clk 0:16:38]} Qxf3+ {[%clk
0:30:17]} 27. Kg1 {[%clk 0:15:54]} Ne6 {[%clk 0:24:24]} 28. Bd2 {[%clk 0:15:32]}
Nxc5 {[%clk 0:22:57]} 29. Nxc5 {[%clk 0:15:33]} Bxf4 {[%clk 0:18:19]} 30. e4
{[%clk 0:11:05]} Be3+ {[%clk 0:18:07]} 31. Bxe3 {[%clk 0:10:52]} Qxe3+ {[%clk
0:18:33]} 32. Kg2 {[%clk 0:10:59]} Qxd4 {[%clk 0:18:26]} 33. Rh1 {[%clk 0:10:58]}
Re5 {[%clk 0:17:59]} 34. Rc1 {[%clk 0:08:26]} Rg5+ {[%clk 0:17:40]} 35. Kh1
{[%clk 0:06:14]} Rb8 {[%clk 0:17:23]} 36. Qh2 {[%clk 0:03:42]} Rb2 {[%clk
0:16:41]} 37. Qc7 {[%clk 0:03:45]} Rh5+ {[%clk 0:16:40]} 38. Qh2 {[%clk 0:03:57]}
Rhxh2# {[%clk 0:16:59]} 0-1

[Event "Greek Team Championship"]
[Site "chess24.com"]
[Date "2017.07.06"]
[Round "5"]
[White "Alexiadis, Hristos"]
[Black "Korniotis, Filippos"]
[Result "1-0"]
[Board "8"]
[WhiteElo "2264"]
[WhiteTitle "FM"]
[WhiteCountry "GRE"]
[WhiteFideId "4249623"]
[WhiteEloChange "7"]
[BlackElo "2143"]
[BlackCountry "GRE"]
[BlackFideId "4236912"]
[BlackEloChange "-7"]

1. e4 {[%clk 1:30:51]} e6 {[%clk 1:30:54]} 2. d4 {[%clk 1:30:59]} d5 {[%clk
1:31:19]} 3. Nc3 {[%clk 1:31:01]} Nf6 {[%clk 1:31:39]} 4. Bg5 {[%clk 1:30:51]}
Be7 {[%clk 1:31:59]} 5. e5 {[%clk 1:30:53]} Nfd7 {[%clk 1:32:22]} 6. h4 {[%clk
1:30:37]} Nc6 {[%clk 1:29:31]} 7. Qd2 {[%clk 1:30:43]} f6 {[%clk 1:28:30]} 8.
exf6 {[%clk 1:31:04]} Nxf6 {[%clk 1:28:51]} 9. O-O-O {[%clk 1:16:40]} O-O {[%clk
1:22:45]} 10. f4 {[%clk 1:10:28]} a6 {[%clk 1:18:52]} 11. Bxf6 {[%clk 1:10:31]}
Bxf6 {[%clk 1:16:41]} 12. Nf3 {[%clk 1:09:48]} Qd6 {[%clk 1:12:11]} 13. h5 {[%clk
0:53:45]} b5 {[%clk 1:04:18]} 14. Ne5 {[%clk 0:49:08]} Be7 {[%clk 0:59:16]} 15.
Bd3 {[%clk 0:31:32]} Nxe5 {[%clk 0:46:52]} 16. fxe5 {[%clk 0:31:53]} Qd8 {[%clk
0:47:15]} 17. Kb1 {[%clk 0:32:18]} h6 {[%clk 0:39:02]} 18. Qe2 {[%clk 0:31:01]}
Bd7 {[%clk 0:31:50]} 19. Rdf1 {[%clk 0:25:33]} Bg5 {[%clk 0:28:20]} 20. Ne4
{[%clk 0:25:32]} Qe7 {[%clk 0:14:32]} 21. Nc5 {[%clk 0:26:00]} c6 {[%clk
0:07:17]} 22. c3 {[%clk 0:26:10]} a5 {[%clk 0:04:14]} 23. Bc2 {[%clk 0:26:33]}
Rxf1+ {[%clk 0:04:42]} 24. Rxf1 {[%clk 0:26:56]} Rf8 {[%clk 0:04:44]} 25. Rxf8+
{[%clk 0:24:37]} Kxf8 {[%clk 0:05:10]} 26. Qf3+ {[%clk 0:25:02]} Kg8 {[%clk
0:03:19]} 27. Qd3 {[%clk 0:25:25]} Kf8 {[%clk 0:03:32]} 28. a4 {[%clk 0:17:52]}
Be8 {[%clk 0:02:42]} 29. axb5 {[%clk 0:18:13]} cxb5 {[%clk 0:03:11]} 30. Qh7
{[%clk 0:17:11]} Qf7 {[%clk 0:03:16]} 31. Ka2 {[%clk 0:17:39]} Qxh5 {[%clk
0:01:12]} 32. Nxe6+ {[%clk 0:18:01]} Ke7 {[%clk 0:01:10]} 33. Nxg7 {[%clk
0:18:15]} Qf7 {[%clk 0:01:12]} 34. Nxe8 {[%clk 0:18:35]} Qxh7 {[%clk 0:01:28]}
35. Bxh7 {[%clk 0:19:01]} Kxe8 {[%clk 0:01:55]} 36. Bg8 {[%clk 0:19:25]} Kd7
{[%clk 0:02:03]} 37. Bxd5 {[%clk 0:19:50]} Kc7 {[%clk 0:02:04]} 38. Kb3 {[%clk
0:19:51]} Kb6 {[%clk 0:02:08]} 39. Bf7 {[%clk 0:19:43]} Be3 {[%clk 0:01:26]} 40.
Kc2 {[%clk 0:49:33]} Bf4 {[%clk 0:31:09]} 41. b3 {[%clk 0:49:35]} Bg3 {[%clk
0:29:16]} 42. Kd3 {[%clk 0:48:44]} Be1 {[%clk 0:29:06]} 43. c4 {[%clk 0:49:09]}
bxc4+ {[%clk 0:29:06]} 44. bxc4 {[%clk 0:49:34]} a4 {[%clk 0:29:26]} 45. c5+
{[%clk 0:49:40]} Kc7 {[%clk 0:29:49]} 46. Ba2 {[%clk 0:49:10]} Bf2 {[%clk
0:29:26]} 47. e6 {[%clk 0:49:16]} a3 {[%clk 0:28:52]} 48. Kc4 {[%clk 0:49:41]}
Be3 {[%clk 0:29:14]} 49. d5 {[%clk 0:50:07]} Bf4 {[%clk 0:29:02]} 50. d6+ {[%clk
0:50:30]} Kc6 {[%clk 0:28:50]} 51. e7 {[%clk 0:50:48]} Kd7 {[%clk 0:29:12]} 52.
c6+ {[%clk 0:51:07]} Ke8 {[%clk 0:29:24]} 53. c7 {[%clk 0:51:31]} 1-0